<?xml version="1.0" encoding="UTF-8"?><?xml-stylesheet type="text/xsl" href="static/style.xsl"?><OAI-PMH xmlns="http://www.openarchives.org/OAI/2.0/" xmlns:xsi="http://www.w3.org/2001/XMLSchema-instance" xsi:schemaLocation="http://www.openarchives.org/OAI/2.0/ http://www.openarchives.org/OAI/2.0/OAI-PMH.xsd"><responseDate>2026-04-13T00:48:08Z</responseDate><request verb="GetRecord" identifier="oai:www.recercat.cat:2445/123328" metadataPrefix="marc">https://recercat.cat/oai/request</request><GetRecord><record><header><identifier>oai:recercat.cat:2445/123328</identifier><datestamp>2025-12-05T09:36:38Z</datestamp><setSpec>com_2072_1057</setSpec><setSpec>col_2072_478915</setSpec><setSpec>col_2072_478917</setSpec></header><metadata><record xmlns="http://www.loc.gov/MARC21/slim" xmlns:dcterms="http://purl.org/dc/terms/" xmlns:xsi="http://www.w3.org/2001/XMLSchema-instance" xmlns:doc="http://www.lyncode.com/xoai" xsi:schemaLocation="http://www.loc.gov/MARC21/slim http://www.loc.gov/standards/marcxml/schema/MARC21slim.xsd">
   <leader>00925njm 22002777a 4500</leader>
   <datafield ind2=" " ind1=" " tag="042">
      <subfield code="a">dc</subfield>
   </datafield>
   <datafield ind2=" " ind1=" " tag="720">
      <subfield code="a">Knapp, Bernhard</subfield>
      <subfield code="e">author</subfield>
   </datafield>
   <datafield ind2=" " ind1=" " tag="720">
      <subfield code="a">Bardenet, Rémi</subfield>
      <subfield code="e">author</subfield>
   </datafield>
   <datafield ind2=" " ind1=" " tag="720">
      <subfield code="a">Bernabeu, Miguel O.</subfield>
      <subfield code="e">author</subfield>
   </datafield>
   <datafield ind2=" " ind1=" " tag="720">
      <subfield code="a">Bordas, Rafel</subfield>
      <subfield code="e">author</subfield>
   </datafield>
   <datafield ind2=" " ind1=" " tag="720">
      <subfield code="a">Bruna, Maria</subfield>
      <subfield code="e">author</subfield>
   </datafield>
   <datafield ind2=" " ind1=" " tag="720">
      <subfield code="a">Calderhead, Ben</subfield>
      <subfield code="e">author</subfield>
   </datafield>
   <datafield ind2=" " ind1=" " tag="720">
      <subfield code="a">Cooper, Jonathan</subfield>
      <subfield code="e">author</subfield>
   </datafield>
   <datafield ind2=" " ind1=" " tag="720">
      <subfield code="a">Fletcher, Alexander G.</subfield>
      <subfield code="e">author</subfield>
   </datafield>
   <datafield ind2=" " ind1=" " tag="720">
      <subfield code="a">Groen, Derek</subfield>
      <subfield code="e">author</subfield>
   </datafield>
   <datafield ind2=" " ind1=" " tag="720">
      <subfield code="a">Kuijper, Bram</subfield>
      <subfield code="e">author</subfield>
   </datafield>
   <datafield ind2=" " ind1=" " tag="720">
      <subfield code="a">Lewis, Joanna</subfield>
      <subfield code="e">author</subfield>
   </datafield>
   <datafield ind2=" " ind1=" " tag="720">
      <subfield code="a">McInerny, Greg</subfield>
      <subfield code="e">author</subfield>
   </datafield>
   <datafield ind2=" " ind1=" " tag="720">
      <subfield code="a">Minssen, Timo</subfield>
      <subfield code="e">author</subfield>
   </datafield>
   <datafield ind2=" " ind1=" " tag="720">
      <subfield code="a">Osborne, James</subfield>
      <subfield code="e">author</subfield>
   </datafield>
   <datafield ind2=" " ind1=" " tag="720">
      <subfield code="a">Paulitschke, Verena</subfield>
      <subfield code="e">author</subfield>
   </datafield>
   <datafield ind2=" " ind1=" " tag="720">
      <subfield code="a">Pitt-Francis, Joe</subfield>
      <subfield code="e">author</subfield>
   </datafield>
   <datafield ind2=" " ind1=" " tag="720">
      <subfield code="a">Todoric, Jelena</subfield>
      <subfield code="e">author</subfield>
   </datafield>
   <datafield ind2=" " ind1=" " tag="720">
      <subfield code="a">Yates, Christian A.</subfield>
      <subfield code="e">author</subfield>
   </datafield>
   <datafield ind2=" " ind1=" " tag="720">
      <subfield code="a">Gavaghan, David</subfield>
      <subfield code="e">author</subfield>
   </datafield>
   <datafield ind2=" " ind1=" " tag="720">
      <subfield code="a">Deane, Charlotte M.</subfield>
      <subfield code="e">author</subfield>
   </datafield>
   <datafield ind2=" " ind1=" " tag="260">
      <subfield code="c">2018-07-02T12:02:42Z</subfield>
   </datafield>
   <datafield ind2=" " ind1=" " tag="260">
      <subfield code="c">2018-07-02T12:02:42Z</subfield>
   </datafield>
   <datafield ind2=" " ind1=" " tag="260">
      <subfield code="c">2018</subfield>
   </datafield>
   <datafield ind2=" " ind1=" " tag="520">
      <subfield code="a">El presente artículo es la versión en castellano de la publicación: KNAPP, B.; BARDENET, R.; BERNABEU, M.O.; BORDAS, R.; BRUNA, M.; CALDERHEAD, B. ET AL. (2015) “Ten Simple Rules for a Successful Cross-Disciplinary Collaboration”. PLoS Comput Biol 11(4): e1004214, disponible en: https://doi.org/10.1371/journal.pcbi.1004214. La traducción, autorizada por la entidad editora, ha sido llevada a cabo por Ona Lorda Roure y Leila Adim, colaboradoras del Instituto de Investigación TransJus y supervisada por el Dr. Juli Ponce Solé, Director del TransJus. En la misma se han incluido algunas notas aclaratorias para el lector en español, así como bibliografía complementaria en español.</subfield>
   </datafield>
   <datafield ind2=" " ind1=" " tag="520">
      <subfield code="a">[spa] En el auge de las colaboraciones interdisciplinarias entre los distintos campos científicos,&#xd;
la transdisciplinariedad se presenta como la clave para encontrar soluciones a una variedad de problemas&#xd;
globales. Este trabajo, situado en el marco de la biología informática, se centra en exponer una lista&#xd;
extensa de reglas y consejos útiles para lograr una exitosa sinergia entre los varios colaboradores de un&#xd;
proyecto transdisciplinar. Se trata, de hecho, de una guía que pretende dirigirse tanto a investigadores&#xd;
noveles como a aquellos investigadores consolidados que se adentran en un espacio transdisciplinar por&#xd;
primera vez. En particular, este trabajo expone los beneficios principales de establecer una colaboración&#xd;
transdisciplinar, así como los problemas que de ella puedan surgir.</subfield>
   </datafield>
   <datafield ind2=" " ind1=" " tag="520">
      <subfield code="a">[cat] En l'auge de les col·laboracions interdisciplinàries entre els diferents camps científics, la&#xd;
transdisciplinarietat es presenta com la clau per trobar solucions a una varietat de problemes globals.&#xd;
Aquest treball, situat en el marc de la biologia informàtica, es centra en exposar una llista extensa de&#xd;
regles i consells útils per aconseguir una reeixida sinergia entre els varis col·laboradors d'un projecte&#xd;
transdisciplinar. Es tracta, de fet, d'una guia que pretén dirigir-se tant a recercadors novells com a aquells&#xd;
recercadors consolidats que s'endinsen en un espai transdisciplinar per primera vegada. En particular,&#xd;
aquest treball exposa els beneficis principals d'establir una col·laboració transdisciplinar, així com els&#xd;
problemes que d'ella puguin sorgir.</subfield>
   </datafield>
   <datafield ind2=" " ind1=" " tag="520">
      <subfield code="a">[eng] At a time of increasing interdisciplinary collaboration between different scientific fields,&#xd;
cross-disciplinarity represents a key for finding solutions to a variety of global problems. This work,&#xd;
located within the framework of computer biology, focuses on exposing an extensive list of rules and&#xd;
useful tips to achieve a successful synergy among the various collaborators of a transdisciplinary project.&#xd;
It is, in fact, a guide aimed at addressing both first-time researchers and consolidated researchers who&#xd;
enter a transdisciplinary space for the first time. In particular, this work exposes the main benefits of&#xd;
establishing a cross-disciplinary collaboration, as well as the problems that may arise from it.</subfield>
   </datafield>
   <datafield tag="653" ind2=" " ind1=" ">
      <subfield code="a">Recerca</subfield>
   </datafield>
   <datafield tag="653" ind2=" " ind1=" ">
      <subfield code="a">Normes</subfield>
   </datafield>
   <datafield tag="653" ind2=" " ind1=" ">
      <subfield code="a">Interdisciplinarietat</subfield>
   </datafield>
   <datafield tag="653" ind2=" " ind1=" ">
      <subfield code="a">Research</subfield>
   </datafield>
   <datafield tag="653" ind2=" " ind1=" ">
      <subfield code="a">Standards</subfield>
   </datafield>
   <datafield tag="653" ind2=" " ind1=" ">
      <subfield code="a">Interdisciplinary</subfield>
   </datafield>
   <datafield ind2="0" ind1="0" tag="245">
      <subfield code="a">Diez reglas sencillas para una exitosa colaboración transdisciplinar</subfield>
   </datafield>
</record></metadata></record></GetRecord></OAI-PMH>